Participacao da sociedade civil e integracao regional na América Latina. Participación de la sociedad civil y integración regional en América Latina
El texto analiza la participación e incidencia de las organizaciones de la sociedad civil en los procesos de integración regional en América Latina. En este sentido, es el resultado de los debates en torno a nuevas formas de integración más allá de la propuesta neoliberal
Enregistré dans:
| Format: | Texte |
|---|---|
| Publié: |
Sao Paulo:
Instituto Rosa Luxemburg Stiftung. Alianza Social Continental
|
| Sujets: | |
| Tags: |
Ajouter un tag
Pas de tags, Soyez le premier à ajouter un tag!
|
MARC
| LEADER | 00000 a a2200000 04500 | ||
|---|---|---|---|
| 001 | 38640 | ||
| 003 | |||
| 040 | |a CRAI/IIS |c CRAI/IIS | ||
| 090 | |a 0007 P273p | ||
| 245 | |a Participacao da sociedade civil e integracao regional na América Latina. Participación de la sociedad civil y integración regional en América Latina | ||
| 260 | |a Sao Paulo: |b Instituto Rosa Luxemburg Stiftung. Alianza Social Continental | ||
| 300 | |a 96 p. |b map. | ||
| 520 | |a El texto analiza la participación e incidencia de las organizaciones de la sociedad civil en los procesos de integración regional en América Latina. En este sentido, es el resultado de los debates en torno a nuevas formas de integración más allá de la propuesta neoliberal | ||
| 650 | |a INTEGRACION REGIONAL | ||
| 650 | |a SOCIEDAD CIVIL | ||
| 650 | |a PARTICIPACION SOCIAL | ||
| 650 | |a AMERICA LATINA | ||
| 999 | |c 17099 |d 17099 | ||
